000 00343nam a2200157Ia 4500
003 OSt
005 20240101071019.0
008 170524s9999 xx 000 0 und d
020 _a9780074622353
040 _cIIMTU
100 _aMalvino/Brown
245 0 _aDigital Computer Electronics
260 _bTMH
260 _c2006
942 _2ddc
_c02
999 _c5018
_d5018